Correspondencia habida entre Xosé Mª Álvarez Blázquez e Isidoro Millán González-Pardo / (Record no. 182528)
[ view plain ]
| 000 -LEADER | |
|---|---|
| campo de control de longitud fija | 01550nam a2200325 i 4500 |
| 001 - NÚMERO DE CONTROL | |
| campo de control | 182528 |
| 003 - IDENTIFICADOR DE NÚMERO DE CONTROL | |
| campo de control | ES-MaACL |
| 005 - FECHA Y HORA DE LA ÚLTIMA TRANSACCIÓN | |
| campo de control | 20250823052023.0 |
| 008 - DATOS DE LONGITUD FIJA--INFORMACIÓN GENERAL | |
| campo de control de longitud fija | 130911s2012 sp a | |||||||| | glg |
| 020 ## - NÚMERO INTERNACIONAL ESTÁNDAR DEL LIBRO | |
| Número Internacional Estándar del Libro | 978-84-453-5039-3 |
| 080 ## - NÚMERO DE LA CLASIFICACIÓN DECIMAL UNIVERSAL | |
| Número de la Clasificación Decimal Universal | 929 Álvarez Blázquez, Xosé María |
| 080 ## - NÚMERO DE LA CLASIFICACIÓN DECIMAL UNIVERSAL | |
| Número de la Clasificación Decimal Universal | 929 Millán González-Pardo, Isidoro |
| 100 1# - ENTRADA PRINCIPAL--NOMBRE DE PERSONA | |
| Nombre de persona | Álvarez Blázquez, Xosé María. |
| 9 (RLIN) | 20707 |
| 245 10 - MENCIÓN DEL TÍTULO | |
| Título | Correspondencia habida entre Xosé Mª Álvarez Blázquez e Isidoro Millán González-Pardo / |
| Mención de responsabilidad, etc. | prólogo de Xosé Mª Álvarez Cáccamo ; exergo de Rosario Álvarez ; edición de X.L. Cochón Touriño ; colaboración de Alejandra Cillero Prieto e Lorena Domínguez Mallo. |
| 260 ## - PUBLICACIÓN, DISTRIBUCIÓN, ETC. | |
| Lugar de publicación, distribución, etc. | [Santiago de Compostela] : |
| Nombre del editor, distribuidor, etc. | Centro Ramón Piñeiro para a Investigación en Humanidades, |
| Fecha de publicación, distribución, etc. | imp. 2012. |
| 300 ## - DESCRIPCIÓN FÍSICA | |
| Extensión | 121 p. : |
| Otras características físicas | il. col. ; |
| Dimensiones | 24 cm. |
| 490 1# - MENCIÓN DE SERIE | |
| Mención de serie | Cadernos Ramón Piñeiro ; |
| Designación de volumen o secuencia | 21 |
| 504 ## - NOTA DE BIBLIOGRAFÍA, ETC. | |
| Nota de bibliografía, etc. | Bibliografía: p. 102. Índices. |
| 600 17 - PUNTO DE ACCESO ADICIONAL DE MATERIA--NOMBRE DE PERSONA | |
| Nombre de persona | Millán González-Pardo, Isidoro, |
| Títulos y otros términos asociados al nombre | Conde de Quirós, |
| Fechas asociadas al nombre | 1922-2002 |
| Fuente del encabezamiento o término | |
| 9 (RLIN) | 170410 |
| 700 1# - ENTRADA AGREGADA--NOMBRE PERSONAL | |
| Nombre de persona | Álvarez Blanco, Rosario. |
| 9 (RLIN) | 153404 |
| 700 1# - ENTRADA AGREGADA--NOMBRE PERSONAL | |
| Nombre de persona | Cochón, Luís. |
| 9 (RLIN) | 153405 |
| 700 0# - ENTRADA AGREGADA--NOMBRE PERSONAL | |
| Nombre de persona | Alvarez Cáccamo, Xosé María. |
| 9 (RLIN) | 20718 |
| 700 1# - ENTRADA AGREGADA--NOMBRE PERSONAL | |
| Nombre de persona | Cillero Prieto, Alexandra. |
| 9 (RLIN) | 148186 |
| 700 1# - ENTRADA AGREGADA--NOMBRE PERSONAL | |
| Nombre de persona | Domínguez Mallo, Lorena |
| 9 (RLIN) | 153377 |
| 830 0# - PUNTO DE ACCESO ADICIONAL DE SERIE-TÍTULO UNIFORME | |
| Título uniforme | Cadernos Ramón Piñeiro ; |
| Designación de volumen o secuencia | 21 |
| 9 (RLIN) | 191760 |
| 852 ## - LOCALIZACIÓN | |
| Ubicación | ES-MaACL |
| Número de control de estantería | A-12906 |
| itemnumber | 189441 |
| Sublocalización o colección | R.149778 |
| Ubicación en estantería | Depósito 1 |
| Signatura antigua | Olim: N-5906 |
| Encuadernación | Donación: Real Academia Española |
| 914 ## - NOMBRE ENTIDAD DE DONANTE | |
| RLIN | 6336 |
| Nombre de congreso/reunión o jurisdicción como elemento de entrada | Real Academia Española |
| Unidad subordinada | Donante |
| 942 ## - ELEMENTOS DE ENTRADA SECUNDARIOS (KOHA) | |
| Fuente del sistema de clasificación o colocación | Clasificación decimal universal |
| Tipo de ítem Koha | Libro impreso |
| Estatus retirado | Estado de pérdida | Fuente del sistema de clasificación o colocación | Estado de daño | No para préstamo | Biblioteca de origen | Biblioteca actual | Ubicación en estantería | Fecha de adquisición | Fuente de adquisición | Total de préstamos | Signatura topográfica completa | Código de barras | Visto por última vez | Precio de reemplazo | Tipo de ítem Koha |
|---|---|---|---|---|---|---|---|---|---|---|---|---|---|---|---|
| Clasificación decimal universal | Biblioteca del Ateneo de Madrid | Biblioteca del Ateneo de Madrid | Depósito 1 | 11/09/2013 | Donación | A-12906 | 1191819 | 23/02/2023 | 23/02/2023 | Libro impreso |
